<?xml version="1.0" encoding="UTF-8"?>
<record
    xmlns:xsi="http://www.w3.org/2001/XMLSchema-instance"
    xsi:schemaLocation="http://www.loc.gov/MARC21/slim http://www.loc.gov/standards/marcxml/schema/MARC21slim.xsd"
    xmlns="http://www.loc.gov/MARC21/slim">

  <leader>01608nam a2200277Ia 4500</leader>
  <controlfield tag="003">OSt</controlfield>
  <controlfield tag="005">20240508155725.0</controlfield>
  <controlfield tag="008">210719s2000    xx            000 0 und d</controlfield>
  <datafield tag="040" ind1=" " ind2=" ">
    <subfield code="c">AL</subfield>
  </datafield>
  <datafield tag="041" ind1=" " ind2=" ">
    <subfield code="a">eng</subfield>
  </datafield>
  <datafield tag="082" ind1=" " ind2=" ">
    <subfield code="a">320.473 UNIO</subfield>
    <subfield code="2">23</subfield>
  </datafield>
  <datafield tag="100" ind1=" " ind2=" ">
    <subfield code="a"> UNITED STATES OF AMERICA</subfield>
    <subfield code="9">123721</subfield>
  </datafield>
  <datafield tag="245" ind1=" " ind2=" ">
    <subfield code="a">Outline of U S Government</subfield>
  </datafield>
  <datafield tag="260" ind1=" " ind2=" ">
    <subfield code="a">U S A</subfield>
    <subfield code="c">2000</subfield>
    <subfield code="b">Office of International Information Programs</subfield>
  </datafield>
  <datafield tag="300" ind1=" " ind2=" ">
    <subfield code="a">126p.</subfield>
    <subfield code="b">PB</subfield>
    <subfield code="c">21x13cm.</subfield>
  </datafield>
  <datafield tag="365" ind1=" " ind2=" ">
    <subfield code="2">Political Science</subfield>
  </datafield>
  <datafield tag="520" ind1=" " ind2=" ">
    <subfield code="a">This book, a publication of the U.S. Department of State, clearly explains what makes the U.S. government uniquely American: the U.S. Constitution, the separation of powers, the concept of &#x201C;checks and balances,&#x201D; and the decentralized roles of state and local governments, and a citizenry with wide opportunity to be part of it all.

CONTENTS

Chapter 1: The Constitution: An Enduring Document
Chapter 2: Explaining the Constitution: The Federalist Papers
Chapter 3: The Executive Branch: Powers of the Presidency
Chapter 4: The Legislative Branch: The Reach of Congress
Chapter 5: The Judicial Branch: Interpreting the Constitution
Chapter 6: Landmark Decisions of the Supreme Court
Chapter 7: A Country of Many Governments
Chapter 8: Government of the People: The Role of the Citizen</subfield>
  </datafield>
  <datafield tag="650" ind1=" " ind2=" ">
    <subfield code="a">Governments</subfield>
    <subfield code="9">123722</subfield>
  </datafield>
  <datafield tag="650" ind1=" " ind2=" ">
    <subfield code="a">Federalist Papers</subfield>
    <subfield code="9">123723</subfield>
  </datafield>
  <datafield tag="650" ind1=" " ind2=" ">
    <subfield code="a">Supreme Court</subfield>
    <subfield code="9">123724</subfield>
  </datafield>
  <datafield tag="650" ind1=" " ind2=" ">
    <subfield code="a">Constitution</subfield>
    <subfield code="9">123725</subfield>
  </datafield>
  <datafield tag="650" ind1=" " ind2=" ">
    <subfield code="a">Role of the Citizen</subfield>
    <subfield code="9">123726</subfield>
  </datafield>
  <datafield tag="700" ind1=" " ind2=" ">
    <subfield code="a">UNITED STATES DEPARTMENT OF STATE</subfield>
    <subfield code="9">123727</subfield>
  </datafield>
  <datafield tag="906" ind1=" " ind2=" ">
    <subfield code="a">government ; of ; Outline ; S ; U</subfield>
  </datafield>
  <datafield tag="942" ind1=" " ind2=" ">
    <subfield code="2">ddc</subfield>
    <subfield code="c">DB</subfield>
  </datafield>
  <datafield tag="999" ind1=" " ind2=" ">
    <subfield code="c">214379</subfield>
    <subfield code="d">214379</subfield>
  </datafield>
  <datafield tag="952" ind1=" " ind2=" ">
    <subfield code="0">0</subfield>
    <subfield code="1">0</subfield>
    <subfield code="2">ddc</subfield>
    <subfield code="4">0</subfield>
    <subfield code="7">0</subfield>
    <subfield code="8">PS</subfield>
    <subfield code="a">AL</subfield>
    <subfield code="b">AL</subfield>
    <subfield code="d">2007-08-25</subfield>
    <subfield code="e">General Annual</subfield>
    <subfield code="l">0</subfield>
    <subfield code="o">320.473 UNIO</subfield>
    <subfield code="p">D02988</subfield>
    <subfield code="r">2021-07-19 00:00:00</subfield>
    <subfield code="w">2021-07-19</subfield>
    <subfield code="y">DB</subfield>
  </datafield>
  <datafield tag="952" ind1=" " ind2=" ">
    <subfield code="0">0</subfield>
    <subfield code="1">0</subfield>
    <subfield code="2">ddc</subfield>
    <subfield code="4">0</subfield>
    <subfield code="7">0</subfield>
    <subfield code="8">PS</subfield>
    <subfield code="a">AL</subfield>
    <subfield code="b">AL</subfield>
    <subfield code="d">2007-08-25</subfield>
    <subfield code="e">General Annual</subfield>
    <subfield code="l">0</subfield>
    <subfield code="o">320.473 UNIO</subfield>
    <subfield code="p">D02989</subfield>
    <subfield code="r">2021-07-19 00:00:00</subfield>
    <subfield code="w">2021-07-19</subfield>
    <subfield code="y">DB</subfield>
  </datafield>
  <datafield tag="952" ind1=" " ind2=" ">
    <subfield code="0">0</subfield>
    <subfield code="1">0</subfield>
    <subfield code="2">ddc</subfield>
    <subfield code="4">0</subfield>
    <subfield code="7">0</subfield>
    <subfield code="8">PS</subfield>
    <subfield code="a">AL</subfield>
    <subfield code="b">AL</subfield>
    <subfield code="d">2023-06-06</subfield>
    <subfield code="l">0</subfield>
    <subfield code="o">320.473 UNIO</subfield>
    <subfield code="p">D05690</subfield>
    <subfield code="r">2023-06-13 00:00:00</subfield>
    <subfield code="w">2023-06-13</subfield>
    <subfield code="y">DB</subfield>
  </datafield>
</record>
